000 00305nam a22001337a 4500
008 181023b xxu||||| |||| 00| 0 eng d
020 _a9780786408993
041 _aeng
080 _a940
100 _a16
101 _aSHH
245 _aWhat American Women Did, 1789-1920
_cCoppens,L.M
942 _2udc
_cBK
999 _c50569
_d50569